000 00230nam a2200097Ia 4500
001 807734
005 20250826171236.0
008 250824s9999 xx 000 0 und d
245 0 _aHZ.NUH
_cCEMALNUR SARGUT
260 _bNEFES YAYINLARI
999 _c807734
_d807734